000 00565nmm a2200193Ia 4500
008 251105s9999||||xx |||||||||||||||||und||
020 _a9788427709966
041 _aspa
100 _aOntoria Peña, Antonio
245 0 _aMapas conceptuales : una técnica para aprender (13ª ed.)
264 _a[Madrid, España] :
_bNarcea Ediciones,
_c2006
300 _a207 páginas
490 _aEducación hoy
650 _aEducation
700 _aOntoria Peña, Antonio
700 1 _a et al.
856 _uhttps://public.digitaliapublishing.com/a/29064
942 _cCF
999 _c69523
_d69523